• 首页
  • 本馆介绍
  • 公告通知
  • 最新文献
  • 馆藏检索
  • 电子资源
  • 读者导购
  • 参考咨询
  • 我的图书馆
  • 登录
  • 详细信息显示
  • 放入我的书架
  • 预约/预借图书
  • 作者相关作品
  • 分类相关作品
  • 丛书相关作品
  • 出版社相关作品

书目信息

  • 表格格式
  • 工作单格式
  • 卡片格式
题名:
爱因斯坦在路上
    
 
作者: 约瑟夫·艾辛格 著 ;杨建邺 译
分册:  
出版信息: 上海   上海科技教育出版社  2017.08
页数: 230页
开本: 23cm
丛书名: 哲人石丛书
单 册:
中图分类: K837.126.11=532 , K837.126.11
科图分类:
主题词:
电子资源:
ISBN: 978-7-5428-6107-8
000 01375oam2 2200325 450
001 427
005 20180922112915.43
010    @a978-7-5428-6107-8@dCNY45.00
100    @a20180412d2017 em y0chiy50 ea
101 1  @achi@ceng
102    @aCN@b310000
105    @aa z 000yd
200 1  @a爱因斯坦在路上@9ai yin si tan zai lu shang@e科学偶像的旅行日记@f约瑟夫·艾辛格著@g杨建邺译
210    @a上海@c上海科技教育出版社@d2017.08
215    @a230页@c图,照片@d23cm
225 2  @a哲人石丛书@i当代科普名著系列
300    @a上海出版资金项目
312    @a封面英文题名:Einstein on the road
330    @a本书作者艾辛格将爱因斯坦探索统一场论的次次挫折,音乐带给他的无上安慰,还有他对人物、书籍、政治、航海乃至精神分析等的品评与思考这些从未完整出版过的日记整理成书,带我们跟随爱因斯坦出行,鲜活地体验他旅途中的日日夜夜,真实感知这位科学巨人的内心世界。
461  0 @12001 @a哲人石丛书
462  0 @12001 @a当代科普名著系列
510 1  @aEinstein on the road@zeng
517 1  @a科学偶像的旅行日记@9ke xue ou xiang de lv xing ri ji
600  0 @a爱因斯坦@c(Einstein, Albert@f1879-1955)@x生平事迹
690    @aK837.126.11=532@v5
690    @aK837.126.11@v4
701  0 @c(奥)@a约瑟夫·艾辛格@9yue se fu · ai xin ge@c(Eisinger,Josef@f1924~)@4著
702  0 @a杨建邺@9yang jian ye@f(1935~)@4译
801  0 @aCN@b91MARC@c20180412
905    @aMuseLib@dK837.126.11@e1010
    
    爱因斯坦在路上:科学偶像的旅行日记/约瑟夫·艾辛格著/杨建邺译.-上海:上海科技教育出版社,2017.08
    230页:图,照片;23cm.-(哲人石丛书.当代科普名著系列)
    上海出版资金项目
    
    ISBN 978-7-5428-6107-8:CNY45.00
    本书作者艾辛格将爱因斯坦探索统一场论的次次挫折,音乐带给他的无上安慰,还有他对人物、书籍、政治、航海乃至精神分析等的品评与思考这些从未完整出版过的日记整理成书,带我们跟随爱因斯坦出行,鲜活地体验他旅途中的日日夜夜,真实感知这位科学巨人的内心世界。
●
相关链接 在E读中查询图书 在五车中查询图书 在当当中查询图书 在豆瓣中查询图书


正题名:爱因斯坦在路上     索取号:K837.126.11/1010         预约/预借

序号 登录号 条形码 馆藏地/架位号 状态 备注
1 1119829   211198292   第二样本阅览室/ [索取号:K837.126.11/1010] 在馆    
2 1119830   211198309   第二借阅区/ [索取号:K837.126.11/1010] 在馆    
3 1119831   211198318   第二借阅区/ [索取号:K837.126.11/1010] 在馆    
4 1119832   211198327   第二借阅区/ [索取号:K837.126.11/1010] 在馆    
5 1119833   211198336   第二借阅区/ [索取号:K837.126.11/1010] 在馆    
唐山师范学院图书馆 欢迎您!
大连网信软件有限公司© 版权所有